|
|
|
|
| LEADER |
01193nam a2200349 a 4500 |
| 001 |
000257009 |
| 003 |
CZ BrMZK |
| 005 |
20230704095407.0 |
| 007 |
ta |
| 008 |
960815s1997 xr g f cze d |
| 015 |
|
|
|a cnb000292321
|
| 020 |
|
|
|a 80-207-0556-2
|
| 035 |
|
|
|a (OCoLC)38973968
|
| 040 |
|
|
|a BOA001
|b cze
|
| 072 |
|
7 |
|a 821.111-3
|x Anglická próza, anglicky psaná
|2 Konspekt
|9 25
|
| 080 |
|
|
|a 821.111-31
|2 MRF
|
| 080 |
|
|
|a (0:82-312.4)
|2 MRF
|
| 100 |
1 |
|
|a Smith, Murray
|q (Charles Maurice)
|7 xx0119729
|4 aut
|
| 245 |
1 |
0 |
|a Ďáblův kejklíř :
|b thriller /
|c Murray Smith ; [z angličtiny přeložili Marie Jakubcová a Pavel Bojar]
|
| 250 |
|
|
|a 1. vyd.
|
| 260 |
|
|
|a Praha :
|b Odeon,
|c 1997
|
| 300 |
|
|
|a 498 s. ;
|c 21 cm
|
| 490 |
1 |
|
|a Enigma
|
| 655 |
|
7 |
|a anglické romány
|7 fd131814
|2 czenas
|
| 655 |
|
7 |
|a thrillery (romány)
|7 fd184206
|2 czenas
|
| 700 |
1 |
|
|a Bojar, Pavel,
|d 1919-1999
|7 jk01012565
|4 trl
|
| 700 |
1 |
|
|a Bojarová, Marie,
|d 1921-
|7 kup19970000009307
|4 trl
|
| 765 |
0 |
|
|t Devil's juggler
|9 Česky
|
| 830 |
|
0 |
|a Enigma
|
| 910 |
|
|
|a BOA001
|b D-1039.783
|
| 990 |
|
|
|a BK
|
| 996 |
6 |
|
|b 2610062282
|c D-1039.783
|l MZK
|r Sklad / do 24 hodin
|n 0
|p p.v.
|w 000257009
|u 000010
|a 1
|e BOA001
|j MZK50
|s P
|